000 00332nam a2200133Ia 4500
005 20260328104342.0
008 260328s9999||||xx |||||||||||||| ||und||
100 _aFlores, Carlos
245 0 _aArquitectura Interior 1967 /
_cCarlos Flores
260 _bAguilar
300 _a146 p.
650 _aARQUITECTURA INTERIOR
942 _cBK
999 _c12153
_d12153